000 00248nam a2200097Ia 4500
001 1250364
005 20251031150854.0
008 251031s9999 xx 000 0 und d
245 0 _cTARIK BUĞRA
_aE-1 KÜÇÜK AĞA
260 _bİLETİŞİM YAYINLARI
999 _c1250364
_d1250364